Κατευόδωσις στρατού : η οργάνωση και η ψυχολογική προετοιμασία του βυζαντινού στρατού πριν από τον πόλεμο (610-1081)

Αποθηκεύτηκε σε:
Λεπτομέρειες βιβλιογραφικής εγγραφής
Κύριος συγγραφέας: Καραπλή, Αικατερίνη
Μορφή: Βιβλίο
Γλώσσα:Greek
Δημοσίευση: Αθήνα : Μυρμιδόνες, c2010.
Σειρά:Μυρμιδόνες
Θέματα:
Ετικέτες: Προσθήκη ετικέτας
Δεν υπάρχουν, Καταχωρήστε ετικέτα πρώτοι!

MARC

LEADER 00000cam a2200000 a 4500
001 1/123080
008 210531s2010####gr a|||||| |||| ||gre||
020 |a 9789609927987  |q (τ. 1)  
040 |a GR-MyUa  |b gre  |c GR-MyUa  |e AACR2 
041 0 |a gre 
082 7 |a 938.305  |2 (23) 
100 1 |a Καραπλή, Αικατερίνη. 
245 1 0 |a Κατευόδωσις στρατού :   |b η οργάνωση και η ψυχολογική προετοιμασία του βυζαντινού στρατού πριν από τον πόλεμο (610-1081) /   |c Κατερίνα Γ. Καραπλή.  
260 |a Αθήνα :   |b Μυρμιδόνες,   |c c2010.  
300 |a τ. :   |b εικ. ;   |c 24 εκ.  
490 1 |a (Μυρμιδόνες ;   |v 7)  
504 |a Περιλαμβάνει βιβλιογραφία.  
651 0 |a Byzantine Empire  |x Armed forces. 
830 0 |a Μυρμιδόνες 
852 |a INST  |b LESVOS  |c EUDOXUS  |e 20210531  |h 938.305 ΚΑΡ  |p 005100063297  |q 005100063297  |t EDX  |v τομ.1:  |y 0 
853 |a INST  |b LESVOS  |c EUDOXUS  |h 938.305 ΚΑΡ 
920 |a Εύδοξος  |b Παραγγελία  |y Λέσβος-ΤΚΑΙ  |z 2021-05 
970 |a Καμάτσου  |b Δέσποινα  |z 31-05-2021